000 00812cam a22002534i 4500
003 CUTN
005 20180507121929.0
008 150306s2015 ii a b 001 0 eng
020 _a9789351501879 (hardback : alk. paper)
041 _aEnglish
042 _apcc
082 0 0 _a324.954
_223
_bWAL
100 1 _aWallace, Paul.
245 1 0 _aIndia's 2014 elections :
_ba modi-led BJP sweep /
_cedited by Paul Wallace.
300 _axxiv, 427 pages :
_bcolor illustrations ;
_c22 cm
650 0 _aElections
700 1 _aWallace, Paul,
942 _2ddc
_cBOOKS
504 _aIncludes bibliographical references and index.
650 0 _zIndia.
700 1 _d1931-
906 _a7
_bcbc
_corignew
_d1
_eecip
_f20
_gy-gencatlg
999 _c16836
_d16836